|
|
|
|
| LEADER |
00000cam a2200000 7i4500 |
| 001 |
0000091848 |
| 005 |
20230711101240.0 |
| 008 |
230711 eng |
| 020 |
|
|
|a 9780399562150 (
|q (hardback))
|
| 040 |
|
|
|e rda
|
| 041 |
|
|
|a English
|
| 090 |
0 |
0 |
|a 658.4
|b TJA
|
| 100 |
1 |
|
|a Tjan, Anthony ,
|e (author)
|
| 245 |
1 |
0 |
|a Good people :
|b The only leardership decision that really matters
|c Anthony Tjan
|
| 264 |
|
1 |
|a New York :
|b Penguin Random House
|c 2017
|
| 300 |
|
|
|a 293 page ;
|c 23.5 cm.
|
| 336 |
|
|
|a text
|2 rdacontent
|
| 337 |
|
|
|a unmediated
|2 rdamedia
|
| 338 |
|
|
|a volume
|2 rdacarrier
|
| 541 |
|
|
|c Donation
|
| 650 |
|
0 |
|a Business & economics
|x Organizational behavior
|
| 650 |
|
0 |
|a Business economic
|x Leardership
|
| 650 |
|
0 |
|a Leardeship
|x Employee motivation
|
| 730 |
0 |
|
|a Title
|
| 999 |
|
|
|a 0001728905
|b Book
|c Adult Collection
|e Perbadanan Perpustakaan Awam Johor
|